<?xml version="1.0" encoding="UTF-8"?><?xml-stylesheet type="text/xsl" href="static/style.xsl"?><OAI-PMH xmlns="http://www.openarchives.org/OAI/2.0/" xmlns:xsi="http://www.w3.org/2001/XMLSchema-instance" xsi:schemaLocation="http://www.openarchives.org/OAI/2.0/ http://www.openarchives.org/OAI/2.0/OAI-PMH.xsd"><responseDate>2026-04-27T20:05:48Z</responseDate><request verb="GetRecord" identifier="oai:uvadoc.uva.es:10324/37324" metadataPrefix="marc">https://uvadoc.uva.es/oai/request</request><GetRecord><record><header><identifier>oai:uvadoc.uva.es:10324/37324</identifier><datestamp>2021-06-23T12:01:46Z</datestamp><setSpec>com_10324_1190</setSpec><setSpec>com_10324_931</setSpec><setSpec>com_10324_894</setSpec><setSpec>col_10324_1352</setSpec></header><metadata><record xmlns="http://www.loc.gov/MARC21/slim" xmlns:doc="http://www.lyncode.com/xoai" xmlns:xsi="http://www.w3.org/2001/XMLSchema-instance" xmlns:dcterms="http://purl.org/dc/terms/" xsi:schemaLocation="http://www.loc.gov/MARC21/slim http://www.loc.gov/standards/marcxml/schema/MARC21slim.xsd">
<leader>00925njm 22002777a 4500</leader>
<datafield tag="042" ind1=" " ind2=" ">
<subfield code="a">dc</subfield>
</datafield>
<datafield tag="720" ind1=" " ind2=" ">
<subfield code="a">Pérez Gil, Javier</subfield>
<subfield code="e">author</subfield>
</datafield>
<datafield tag="720" ind1=" " ind2=" ">
<subfield code="a">Villalobos Alonso, Daniel</subfield>
<subfield code="e">author</subfield>
</datafield>
<datafield tag="260" ind1=" " ind2=" ">
<subfield code="c">2006</subfield>
</datafield>
<datafield tag="520" ind1=" " ind2=" ">
<subfield code="a">El trabajo analiza la adaptación de las disciplinas humanísticas, y siguiendo la experiencia en la asignatura “Historia y Teoría de la Restauración” que, aunque incluida dentro de los planes de estudio de nuestra E.T.S. de Arquitectura, tiene un sentido eminentemente teórico y humanístico, pues atiende a todos aquellos valores y criterios que han de guiar la intervención técnica y de difusión sobre un bien patrimonial, y cómo iniciar sobre los criterios de intervención en los monumentos desde su origen hasta el presente, así como  sensibilizarle sobre la importancia que tiene la conservación del Patrimonio con los métodos más adecuados.</subfield>
</datafield>
<datafield tag="024" ind2=" " ind1="8">
<subfield code="a">AA.VV. (Coords: Carmen Rodríguez y Mª Jesús de la Calle): La innovación docente ante el Espacio Europeo de Educación Superior. Valladolid: Universidad de Valladolid, 2006, pp. 337-342.</subfield>
</datafield>
<datafield tag="024" ind2=" " ind1="8">
<subfield code="a">10: 84-690-0737-8</subfield>
</datafield>
<datafield tag="024" ind2=" " ind1="8">
<subfield code="a">13: 978-84-690-0737-2</subfield>
</datafield>
<datafield tag="024" ind2=" " ind1="8">
<subfield code="a">http://uvadoc.uva.es/handle/10324/37324</subfield>
</datafield>
<datafield tag="024" ind2=" " ind1="8">
<subfield code="a">337</subfield>
</datafield>
<datafield tag="024" ind2=" " ind1="8">
<subfield code="a">342</subfield>
</datafield>
<datafield tag="024" ind2=" " ind1="8">
<subfield code="a">La innovación docente ante el Espacio Europeo de Educación Superior.</subfield>
</datafield>
<datafield tag="245" ind1="0" ind2="0">
<subfield code="a">Las titulaciones de humanidades ante la convergencia europea: conflictos y soluciones aplicadas</subfield>
</datafield>
</record></metadata></record></GetRecord></OAI-PMH>